000 00651nam a22002417a 4500
003 UA-OsUOA
001 72207
007 ta
008 20101230b un ||||| |||| 00| 0 ukr d
100 _aНазарук О.
090 _a821.161.2
_bН19
942 _cBK
040 _aUA-OsUOA
_bukr
_cUA-OsUOA
_dUA-OsUOA
245 _aРоксоляна
_bісторична повість з 16-го ст.
300 _a271 с.
955 _a2
041 _aukr
080 _a821.161.2
020 _a5-308-01169-9
260 _aК.
_bДніпро
_c1992
650 7 _a82 Література. Літературознавство
_2UDC
999 _c358491
_d358491